00683nam a2200193Ia 450000500170000000800410001704100120005808200180007010000170008824500750010525000080018026000430018850000150023165000380024670000140028494200070029895201650030599900190047020240823060939.0240823s9999||||xx |||||||||||||| ||und|| aENGLISH A510.240901 Q5 aTremblay J P 0aDiscrete Mathematical Structures with Applications to Computer Science a1st c2015bMcGraw Hill Education Private Li aTRANSFERED aDiscrete MathematicsbMathematics aManohar R cBK 00104070aNICHELIBbNICHELIBcMathematicsd2019-06-24e"Arumugam Book Supplier, Chennai"g250.00l0o510.240901 Q5p80373r2024-08-23 06:09:39w2024-08-23yBK c232348d232348